| 000 | 00698pam a2200229 a 4500 | ||
|---|---|---|---|
| 001 | 1141549 | ||
| 005 | 20180313095945.0 | ||
| 008 | 950131s1996 nyua b 001 0 eng | ||
| 010 | _a 95001115 | ||
| 020 | _a0393967751 | ||
| 040 |
_aDLC _cDLC _dDLC |
||
| 041 | _aeng | ||
| 080 | _a338./024658 EDW | ||
| 082 | 0 | 0 |
_a338./024658 EDW _220 |
| 100 | 1 | _a54 | |
| 101 | _aMAN | ||
| 245 | 1 | 0 |
_aManagerial economics : _cEdwin Mansfield. |
| 504 | _aIncludes bibliographical references and index. | ||
| 906 |
_a7 _bcbc _corignew _d1 _eocip _f19 _gy-gencatlg |
||
| 942 |
_2ddc _cBK |
||
| 999 |
_c44918 _d44918 |
||